| 000 | 00598nam a2200193Ia 4500 | ||
|---|---|---|---|
| 003 | GCL | ||
| 008 | 140319s9999 xx 000 0 ara d | ||
| 040 |
_aGCL / _cGCL |
||
| 082 | 0 | 4 |
_a792.015 _bج م |
| 100 | 1 | _aرشاد رشدى (ترجمة) | |
| 245 | 1 | 0 |
_aالمسرح فى مفترق الطرق / _cرشاد رشدى (ترجمة) |
| 700 | 1 | _aجانستر، جون | |
| 700 | 1 | _aسامى درينى خشبة(مترجم) | |
| 300 | _a587 ص | ||
| 490 |
_aالهيئة العامة للاستعلامات _v0 |
||
| 650 | 0 | 4 | _aالمسرح |
| 650 | 0 | 4 | _aالمسرح - نقد |
| 942 |
_2ddc _cBK |
||
| 999 |
_c47350 _d47350 |
||